Readings on in equality in Kenya : (Record no. 760)
[ view plain ]
| 000 -LEADER | |
|---|---|
| fixed length control field | 00804nam a22002292 4500 |
| 001 - CONTROL NUMBER | |
| control field | 0000008701 |
| 005 - DATE AND TIME OF LATEST TRANSACTION | |
| control field | 20151021151115.0 |
| 008 - FIXED-LENGTH DATA ELEMENTS--GENERAL INFORMATION | |
| fixed length control field | 080515s xx 000 0 eng d |
| 020 ## - INTERNATIONAL STANDARD BOOK NUMBER | |
| International Standard Book Number | 9966702652 : |
| Terms of availability | KES |
| 040 ## - CATALOGING SOURCE | |
| Original cataloging agency | KABU |
| Transcribing agency | KABU |
| 245 10 - TITLE STATEMENT | |
| Title | Readings on in equality in Kenya : |
| Remainder of title | sectoral dynamics and perspective. |
| 260 ## - PUBLICATION, DISTRIBUTION, ETC. (IMPRINT) | |
| Place of publication, distribution, etc. | Nairobi : |
| Name of publisher, distributor, etc. | Society for International Development, |
| Date of publication, distribution, etc. | 2006. |
| 300 ## - PHYSICAL DESCRIPTION | |
| Extent | xx, 408 p. |
| 650 #0 - SUBJECT ADDED ENTRY--TOPICAL TERM | |
| Topical term or geographic name as entry element | Equality |
| Geographic subdivision | Kenya. |
| -- | 0000158339 |
| 650 #0 - SUBJECT ADDED ENTRY--TOPICAL TERM | |
| Topical term or geographic name as entry element | Kenya |
| General subdivision | Economic conditions. |
| -- | 0000159385 |
| 650 #0 - SUBJECT ADDED ENTRY--TOPICAL TERM | |
| Topical term or geographic name as entry element | Kenya |
| General subdivision | Social conditions. |
| -- | 0000158851 |
| 710 2# - ADDED ENTRY--CORPORATE NAME | |
| Corporate name or jurisdiction name as entry element | Society for International Development. |
| -- | 0000159386 |
| 908 ## - PUT COMMAND PARAMETER (RLIN) | |
| Put command parameter | 080515 |
| 950 ## - LOCAL HOLDINGS (RLIN) | |
| -- | 1 |
| Withdrawn status | Lost status | Source of classification or shelving scheme | Not for loan | Home library | Current library | Date acquired | Total Checkouts | Full call number | Barcode | Date last seen | Price effective from | Koha item type |
|---|---|---|---|---|---|---|---|---|---|---|---|---|
| Library of Congress Classification | Kabarak, Main Campus | Kabarak, Main Campus | 17/12/2015 | HC865 .R43 | 009012 | 02/08/2024 | 17/12/2015 | General Collection | ||||
| Library of Congress Classification | Kabarak, Main Campus | Kabarak, Main Campus | 17/12/2015 | HC865 .R43 | 009013 | 17/12/2015 | 17/12/2015 | Africana Collection | ||||
| Library of Congress Classification | Kabarak, Nakuru City Campus | Kabarak, Nakuru City Campus | 21/10/2015 | HC865 .R43 | 009014 | 21/10/2015 | 21/10/2015 | General Collection | ||||
| Library of Congress Classification | Kabarak, Nakuru City Campus | Kabarak, Nakuru City Campus | 21/10/2015 | HC865 .R43 | 009015 | 21/10/2015 | 21/10/2015 | General Collection |